1290 1645 1309 1235 1850 1712 1662 1374 1454 1402 1802 1278 1238 1427 1313 1569 1967 1646 1733 1370 1992 1940 1310 1467 1335 1062 1770 1590 1145 1219 1424 1063 1001 1666 1591 1316 1117 1235 1571 1192 1572 1042 1596 1349 1650 1201 1356 1465 1974 1091 1167 1147 1664 1713 1084 1140 1160 1998 1816 1498 1915 1539 1964 1629 1135 1502 1128 1588 1031 1027 1206 1772 1351 1122 1116 1633 1320 1302 1176 1220 1651 1614 1371 1573 1502 1518 1769 1074 1059 1287 1817 1206 1091 1420 1438 1579 1363 1870 1394 BCNSPRNW ULIB Ver.6.0+V

เปลี่ยนเป็นภาษาไทย

Change to English
 แสดงรายละเอียดบรรณานุกรม
  กลับหน้าหลัก

Brief Record : Get Marc (ISO 2709) : E-mail record : QR code < ปิดหน้าต่าง
LEADER : 00000nam 2200000uu 4500
001    13399108833
003     ULIB
008    110315s2546||||th 000 0 tha d
020    9749626613
060 04 W85.5^bส223ห 2546
245 00 ตายอย่างมีศักดิ์ศรี :^bมาตรา 24 ร่าง พ.ร.บ.สุขภาพแห่งชาติ(ฉบับปรับปรุง 24 กันยายน 2545) /^cสำนักงานปฏรูประบบสุขภาพแห่งชาติ ; บรรณาธิการ, นิติพร จันทรทัต ณ อยุธยา, สายพิน ด่านวัฒนะ
250    พิมพ์ครั้งที่ 1
260    นนทบุรี :^bสำนักงาน, ;^c2546
300    [5], 122 หน้า ;^c21 ซม
650  7 พระราชบัญญัติสุขภาพแห่งชาติ
650  7 การตาย
650  7 สิทธิการตาย
650  7 ผู้ป่วย, สิทธิ
700 0  ปิติพร จันทรทัต ณ อยุธยา,^eบรรณาธิการ
700 0  สายพิน ด่านวัฒนะ,^eบรรณาธิการ
710 2  สำนักงานปฏิรูประบบสุขภาพแห่งชาติ
945    ^p0^l0^i015731
945    ^p0^l0^i015730
995    ศพร
999 ^a ใช้งานได้ทุกระบบ
รายการนี้ยังไม่มีแท็ก
คุณยังไม่ได้ล็อกอิน คุณสามารถมีกิจกรรมร่วมกับเว็บไซต์ได้ แต่ต้องล็อกอินก่อน ::
  ล็อกอิน

รายการสื่อสารสนเทศ

ลำดับที่ ประเภท เลขเรียก/บาร์โค้ด สถานที่ สถานะ
- ไม่พบข้อมูล -

รายการใกล้เคียง
    หัวเรื่อง [พระราชบัญญัติสุขภาพแห่งชาติ]
    หัวเรื่อง [การตาย]
    หัวเรื่อง [สิทธิการตาย]
    หัวเรื่อง [ผู้ป่วย, สิทธิ]

BibComment


ยังไม่เคยถูกคอมเมนท์

คอมเมนท์ทรัพยากรรายการนี้
  คอมเมนท์: ตายอย่างมีศักดิ์ศ..


 Copyright 2026. Bcnsprnw @Library